000 00279nam a2200121Ia 4500
008 150731s2011 xx 000 0 und d
082 _a611
_bH 11 S
100 _aSHANKHDHAR, RAMA
245 _aHUMAN ANATOMY
260 _bAITBS PUB.INDIA
_c2011
300 _a311
942 _2ddc
_cBK
999 _c7980
_d7980